| 000 -LEADER |
| fixed length control field |
01454pab a2200145 454500 |
| 008 - FIXED-LENGTH DATA ELEMENTS--GENERAL INFORMATION |
| fixed length control field |
180718b2002 xxu||||| |||| 00| 0 eng d |
| 100 ## - MAIN ENTRY--PERSONAL NAME |
| Personal name |
Davies, Jonathan S. |
| 245 ## - TITLE STATEMENT |
| Title |
The governance of urban regeneration: a critique of the 'governing without government' thesis |
| 260 ## - PUBLICATION, DISTRIBUTION, ETC. |
| Date of publication, distribution, etc. |
2002 |
| 300 ## - PHYSICAL DESCRIPTION |
| Extent |
p.301-22. |
| 520 ## - SUMMARY, ETC. |
| Summary, etc. |
This paper offers a critique of the concept of governance as networks. Using the complementary concept of regime governance, it argues that networks are not the primary mode of governance in th politics of urban regeneration in the UK. Drawing on primary and secondary material, it is argued that Central Government is becoming more influential in the local policy arena. In the `mix' of market, hierarchy and network, hierarchy is more pervasive than network. It is therefore argued that partnerships should be treated as a distinct mode of governance. These conclusions demonstrate that despite the fashion for copying urban policies from the USA, local politics in the UK remain very different. Ironically, the transfer of policies developed in the USA has tended to entrench divergent practices and outcomes. The UK does not, therefore, appear to be moving toward the US model of regime politics. It is concluded that the partnership and network/regime models of governance should be subjected to rigorous comparative studies. - Reproduced |
| 650 ## - SUBJECT ADDED ENTRY--TOPICAL TERM |
| Topical term or geographic name entry element |
Local government |
| 773 ## - HOST ITEM ENTRY |
| Main entry heading |
Public Administration |
| 909 ## - |
| -- |
52848 |